000
00300nam a2200145Ia 4500
100
_a
Brown/T.D
942
_c
BK
654
_a
C
245
_a
C for Basic programmers
260
_b
Tata Mc Graw hill
_a
New Delhi
_c
1988
082
_a
1.6424
_b
BRO
300
_a
205
546
_a
ENGLISH
999
_c
28315
_d
28315